Logo BPK

Biblioteka

Politechniki Koszalińskiej

Laboratorium elektrotechniki samochodowej (Rekord nr 41198)

Szczegóły MARC
000 -ETYKIETA REKORDU
podpole kontrolne o stałej długości 01439nam a2200397 i 4500
001 - NUMER KONTROLNY REKORDU
pole kontrolne 41198
003 - IDENTYFIKATOR NUMERU KONTROLNEGO REKORDU
podpole kontrolne KOSZ 005
005 - DATA OSTATNIEJ MODYFIKACJI REKORDU
podpole kontrolne 20250401130500.0
006 - DANE KONTROLNE - DODATKOWA CHARAKTERYSTYKA DOKUMENTU
podpole kontrolne o stałej długości m fq d
007 - DANE KONTROLNE - FORMA FIZYCZNA DOKUMENTU
podpole kontrolne o stałej długości co bg nnnuunun
008 - POLE O STAŁEJ DŁUGOŚCI - DANE KONTROLNE
podpole kontrolne o stałej długości 111104s2011 pl a f |000 0 pol
020 ## - MIĘDZYNARODOWY ZNORMALIZOWANY NUMER KSIĄŻKI - ISBN
ISBN 9788373652408
040 ## - ŹRÓDŁO KATALOGOWANIA
Instytucja, która utworzyła rekord KOSZ 005
Instytucja, która sporządziła opis KOSZ 005
Instytucja, która dokonała modyfikacji KOSZ 005/HR
046 ## - DATY KODOWANE
Pojedyncza data lub początek okresu powstania dzieła lub zbioru dzieł 2011
080 ## - UNIWERSALNA KLASYFIKACJA DZIESIĘTNA - UKD
UKD 629.33
080 ## - UNIWERSALNA KLASYFIKACJA DZIESIĘTNA - UKD
UKD 621.3
080 ## - UNIWERSALNA KLASYFIKACJA DZIESIĘTNA - UKD
UKD (075.8)
080 ## - UNIWERSALNA KLASYFIKACJA DZIESIĘTNA - UKD
UKD (0.034.44)
100 1# - NAZWA OSOBOWA
Nazwa osobowa Duer, Stanisław
Określenie rodzaju współpracy Autor
245 10 - TYTUŁ/ODPOWIEDZIALNOŚĆ
Tytuł Laboratorium elektrotechniki samochodowej
Typ dokumentu [Dokument elektroniczny].
Oznaczenie części/sekcji dzieła T. 2 /
Pozostałe elementy strefy tytułu i oznaczenia odpowiedzialności Stanisław Duer, Konrad Zajkowski.
260 ## - STREFA ADRESU WYDAWNICZEGO
Miejsce wydania Koszalin :
Nazwa wydawcy/dystrybutora Wydawnictwo Uczelniane Politechniki Koszalińskiej,
Data publikacji, dystrybucji/powstania dokumentu 2010.
300 ## - STREFA OPISU FIZYCZNEGO
Objętość 1 dysk optyczny (CD-ROM) ;
Rozmiary 12 cm.
380 ## - FORMA I TYP PUBLIKACJI
Forma i typ publikacji E-booki
500 ## - UWAGI OGÓLNE
Tekst uwagi Tyt. z ekranu tytułowego.
650 #4 - HASŁO PRZEDMIOTOWE W FORMIE NAZWY OGÓLNEJ LUB JEDNOSTKOWEJ
Nazwa ogólna lub geograficzna Samochody
650 #4 - HASŁO PRZEDMIOTOWE W FORMIE NAZWY OGÓLNEJ LUB JEDNOSTKOWEJ
Nazwa ogólna lub geograficzna Elektrotechnika
655 #4 - TERMIN INDEKSOWY - OKREŚLENIE RODZAJU/FORMY DOKUMENTU
Określenie rodzaju/formy dokumentu Podręczniki akademickie
655 #4 - TERMIN INDEKSOWY - OKREŚLENIE RODZAJU/FORMY DOKUMENTU
Określenie rodzaju/formy dokumentu Dokumenty elektroniczne
658 ## - TERMIN INDEKSOWY - PRZEDMIOT PROGRAMU NAUCZANIA
Główny przedmiot programu nauczania Transport i logistyka
658 ## - TERMIN INDEKSOWY - PRZEDMIOT PROGRAMU NAUCZANIA
Główny przedmiot programu nauczania Inżynieria i technika
700 1# - HASŁO DODATKOWE - NAZWA OSOBOWA
Nazwa osobowa Zajkowski, Konrad
Określenie związku między hasłem a opisywanym materiałem Autor
710 2# - HASŁO DODATKOWE - NAZWA CIAŁA ZBIOROWEGO
Nazwa ciała zbiorowego lub jednostki geograficznej Wydawnictwo Uczelniane (Politechnika Koszalińska)
Określenie związku między hasłem a opisywanym materiałem Wydawca
856 ## - LOKALIZACJA I DOSTĘP DO ELEKTRONICZNYCH DOKUMENTÓW ZDALNYCH
Link (URL) http://koha.tu.koszalin.pl/cgi-bin/koha/opac-detail.pl?biblionumber=41198
Tekst linku Katalog online BPK
856 ## - LOKALIZACJA I DOSTĘP DO ELEKTRONICZNYCH DOKUMENTÓW ZDALNYCH
Link (URL) http://dlibra.tu.koszalin.pl/dlibra/docmetadata?id=37&from=&dirids=1&ver_id=&lp=1&QI=
Tekst linku Biblioteka Cyfrowa
942 ## - DODATKOWE ELEMENTY (KOHA)
Typ dokumentu Płyta CD
Schemat klasyfikacji Uniwersalna Klasyfikacja Dziesiętna
Egzemplarze
Wycofany Status Uszkodzony Dostępność Lokalizacja stała Lokalizacja bieżąca Miejsce przechowywania Cena Sygnatura Kod kreskowy Dział Typ dokumentu Ostatnio wypożyczono
      Tylko na miejscu Biblioteka Politechniki Koszalińskiej Biblioteka Politechniki Koszalińskiej Czytelnia BG 5.00 CD 1678 02200293 0/9(0.034.2) Dokumenty elektroniczne Płyta CD  
      Dostępny Biblioteka Politechniki Koszalińskiej Biblioteka Politechniki Koszalińskiej Wypożyczalnia BG 5.00 CD 1679 02200286   Płyta CD 27.02.2020
      Dostępny Biblioteka Politechniki Koszalińskiej Biblioteka Politechniki Koszalińskiej Wypożyczalnia BG 5.00 CD 1680 02200279   Płyta CD 04.03.2020
      Dostępny Biblioteka Politechniki Koszalińskiej Biblioteka Politechniki Koszalińskiej Wypożyczalnia BG 5.00 CD 1681 02200262   Płyta CD 04.11.2020
      Dostępny Biblioteka Politechniki Koszalińskiej Biblioteka Politechniki Koszalińskiej Wypożyczalnia BG 5.00 CD 1682 02200255   Płyta CD 18.11.2020
  Egz. niedostępny   Niedostępny Biblioteka Politechniki Koszalińskiej Biblioteka Politechniki Koszalińskiej Magazyn Rezerw         Płyta CD  
© 2023 Biblioteka Politechniki Koszalińskiej :: KOHA